Southville International School and Colleges
Your cart is empty.
  • Cart
  • Lists
    Public lists Eva Luna New books Lux_list list_1
    Your lists Log in to create your own lists
  • Log in to your account
  • Your cookies
  • Search history
Southville International School and Colleges
  • Advanced search
  • Recent comments
  • Most popular
  • Libraries

Log in to your account

Log in with GOOGLE


If you do not have an external account, but do have a local account, you can still log in:

  1. Home
  2. MARC view: Puppy love /
Normal view MARC view ISBD view

Puppy love / (Record no. 111025)

[ view plain ]
MARC details
000 -LEADER
fixed length control field 00572nam a2200217 a 4500
001 - CONTROL NUMBER
control field 3132
003 - CONTROL NUMBER IDENTIFIER
control field 3132
005 - DATE AND TIME OF LATEST TRANSACTION
control field 20160419132309.0
008 - FIXED-LENGTH DATA ELEMENTS--GENERAL INFORMATION
fixed length control field 060201s19uu xx 00 eng d
020 ## - INTERNATIONAL STANDARD BOOK NUMBER
International Standard Book Number 0-439-611164
050 ## - LIBRARY OF CONGRESS CALL NUMBER
Classification number ER
Item number Pu976 2003
100 ## - MAIN ENTRY--PERSONAL NAME
Personal name Marsoli, Lisa Ann
245 ## - TITLE STATEMENT
Title Puppy love /
Statement of responsibility, etc written by Lisa Ann Marsoli ; illustrated by Jim Durk.
260 ## - PUBLICATION, DISTRIBUTION, ETC. (IMPRINT)
Place of publication, distribution, etc New York :
Name of publisher, distributor, etc Scholastic,
Date of publication, distribution, etc 2003.
300 ## - PHYSICAL DESCRIPTION
Extent 31 p. : ill. ; cm.
440 ## - SERIES STATEMENT/ADDED ENTRY--TITLE
Title Kids can read
650 ## - SUBJECT ADDED ENTRY--TOPICAL TERM
Topical term or geographic name as entry element Dogs
General subdivision Fiction.
650 ## - SUBJECT ADDED ENTRY--TOPICAL TERM
Topical term or geographic name as entry element Love
General subdivision Fiction.
942 ## - ADDED ENTRY ELEMENTS (KOHA)
Source of classification or shelving scheme Dewey Decimal Classification
Koha item type Books
Holdings
Withdrawn status Lost status Source of classification or shelving scheme Damaged status Home library Current library Shelving location Date acquired Source of acquisition Cost, normal purchase price Total Checkouts Full call number Barcode Date last seen Price effective from Koha item type
    Dewey Decimal Classification   Munich Library Munich Library Easy Reading Section 02/01/2006 Donation 125.00   ER Pu976 2003 M1576 04/14/2014 04/14/2014 Books

Puppy love /

APA

Marsoli L. A., . (2003). Puppy love. New York: Scholastic.

Chicago

Marsoli Lisa Ann, . 2003. Puppy love. New York: Scholastic.

Harvard

Marsoli L. A., . (2003). Puppy love. New York: Scholastic.

MLA

Marsoli Lisa Ann, . Puppy love. New York: Scholastic. 2003.

  • Place hold
  • Print
  • Cite
  • Add to your cart (remove)
  • Save record
    BIBTEX Dublin Core MARCXML MARC (non-Unicode/MARC-8) MARC (Unicode/UTF-8) MARC (Unicode/UTF-8, Standard) MODS (XML) RIS
  • More searches
    Search for this title in:
    Other Libraries (WorldCat) Other Databases (Google Scholar) Online Stores (Bookfinder.com) Open Library (openlibrary.org)

Exporting to Dublin Core...

SOUTHVILLE LIBRARY

Southville International School and Colleges Library

1281 Tropical Ave. Cor. Luxembourg St., BF Homes International, Las Pinas City

Tel. No. 8256374 / 252358 Loc. 117/146

Powered by Koha